Filosofía de la enseñanza
-д хадгалсан:
| Үндсэн зохиолч: | |
|---|---|
| Формат: | Ном |
| Хэл сонгох: | испани |
| Хэвлэсэн: |
Ciudad de México
Fondo de Cultura Económica
1983
|
| Цуврал: | Sección de obras de educación
|
| Нөхцлүүд: | |
| Шошгууд: |
Шошго нэмэх
Шошго байхгүй, Энэхүү баримтыг шошголох эхний хүн болох!
|
MARC
| LEADER | 00000nam a2200000 a 4500 | ||
|---|---|---|---|
| 001 | UCW4249 | ||
| 003 | CL-VaPUC | ||
| 008 | 891120e19830000MX |||||||||||||||||spa|d | ||
| 082 | 0 | 4 | |a 370.1 |b PAS |2 21 |
| 100 | |a Passmore, John |e autor |9 621962 | ||
| 245 | 1 | 0 | |a Filosofía de la enseñanza |
| 300 | |a 303 p | ||
| 942 | |c BK | ||
| 945 | |d 19891120 00:00:00 | ||
| 260 | |a Ciudad de México |b Fondo de Cultura Económica |c 1983 | ||
| 650 | 0 | |a Filosofía de la educación |9 258384 | |
| 583 | |a last modification |c 19891120 00:00:00 |k Rodrigo Vera | ||
| 490 | 0 | |a Sección de obras de educación | |
| 999 | |c 218024 |d 218022 | ||
| 952 | |0 0 |1 0 |4 0 |6 370_100000000000000_PAS_1983 |7 0 |8 A |9 206832 |a BIBEDU |b BIBEDU |d 2019-11-15 |i 2746514 |o 370.1 PAS 1983 |p 2746514 |r 2019-11-15 |w 2019-11-15 |y BK |k EDU | ||